The story of Isambard kingdom Brunel

Bibliographic Details
Main Author: Mitchison, Amanda
Format: Book
Published: London : Short Books , 2017
Series:Great Victorians
Subjects:

MARC

LEADER 00000cam a2200000 7i4500
001 0000219599
005 20180118.0
020 |a 9781780723259 
090 0 0 |a JF   |b MIT 
100 1 |a Mitchison, Amanda 
245 1 0 |a The story of Isambard kingdom Brunel   |c Amanda Mitchison 
260 |a London :   |b Short Books ,   |c 2017 
300 |a 109p. ;   |c 21cm. 
490 0 |a Great Victorians 
650 0 |a Children's stories 
999 |a 00351328   |b BUKU   |c PINJAMAN   |e PERPUSTAKAAN KOMUNITI PETALING JAYA